000 02157cam a2200337 i 4500
001 000048344
003 DO-SdBNP
005 20251031085125.0
007 ta
008 190208s2012 dr acd gr|||||||1 m|spa d
040 _aDO-SdBNP
_bspa
_cBNPHU
082 _axxxx
_bR426o
110 1 _aRepública Dominicana.
_bMinisterio de Industría y Comercio
_975764
245 1 0 _aOcho años de estabilidad y progreso :
_bhuellas de una gestión éxitosa /
_cprólogo: Manuel García Arévelo ; fotografías: Tony Arias, Rafael Fedrreira.
264 _aSanto Domingo, República Dominicana :
_bMinisterio de Industria y Comercio,
_c2012.
300 _a196 páginas :
_bilustraciones, gráficas, retratos ;
_c29 cm.
336 _atexto
_btxt
_2rdacontent
337 _asin mediación
_bn
_2rdamedia
338 _avolumen
_bnc
_2rdacarrier
505 0 _aPresentación --
_tDespacho --
_tComercio interno --
_tEnergía no convencional e hidrocarburos --
_tDirección de comercio exterior y administración de tratados comerciales internacionales (Dicoex) --
_tDirección de Minería --
_tConsejo Nacional de Promoción y Apoyo a la Micro, Pequeña y Mediana Empresa --
_tConsejo Nacional de Zona Francas Francas de Exportaciones --
_tConsultoría jurídica --
_tOficina de acceso a la información --
_tDirección de recursos humanos --
_tDirección de planificación y desarrollo --
_tOficina nacional de propiedad industrial (Onapi) --
_tDirección general de normas y sistemas calidad (Digenor) --
_tDirección de comunicaciones --
_tDepartamento de informática --
_tDirección administrativa y financiera --
_tAsesoría marítima.
590 _aInventariado, 2019/LP
650 0 _aIndustrias
_932244
_zRepública Dominicana
650 0 _aRendimiento industrial
_948414
_zRepública Dominicana
650 0 _aCondiciones económicas
_975414
_zRepública Dominicana
650 0 _aAdministración pública
_vInforme
_zRepública Dominicana
_977190
651 0 _aRepública Dominicana
_978065
_xComercio
700 1 _aGarcía Arévelo, Manuel,
_eprólogo
_975765
700 1 _aArias, Tony,
_eilustrador
_975766
700 1 _aFedrreira, Rafael,
_eilustrador
_975767
942 _2ddc
_cLBS1
999 _c47832
_d47832